|
|
|
|
| LEADER |
00000nam0a2200000 4500 |
| 001 |
86595 |
| 005 |
20231101213505.0 |
| 010 |
|
|
|a 5699091793
|
| 010 |
|
|
|a 5-699-13543-X
|
| 035 |
|
|
|a (RuTPU)RU\TPU\book\92993
|
| 090 |
|
|
|a 86595
|
| 100 |
|
|
|a 20051128d2005 km y0rusy50 ca
|
| 101 |
0 |
|
|a rus
|
| 102 |
|
|
|a RU
|
| 105 |
|
|
|a a z 000zy
|
| 200 |
1 |
|
|a История культуры народов мира. Древний Египет. Зарождение мировой цивилизации
|f Г. Вейс
|
| 210 |
|
|
|a Москва
|c Эксмо
|d 2005
|
| 215 |
|
|
|a 144 с.
|c ил.
|
| 225 |
1 |
|
|a История культуры народов мира
|
| 606 |
1 |
|
|a Культура
|x История
|2 stltpush
|3 (RuTPU)RU\TPU\subj\16749
|9 42683
|
| 606 |
1 |
|
|a Египет Древний
|x Культура
|x История
|2 stltpush
|3 (RuTPU)RU\TPU\subj\64973
|9 81639
|
| 610 |
1 |
|
|a история
|
| 610 |
1 |
|
|a этнография
|
| 610 |
1 |
|
|a обычаи
|
| 610 |
1 |
|
|a нравы
|
| 610 |
1 |
|
|a быт
|
| 610 |
1 |
|
|a одежда
|
| 610 |
1 |
|
|a костюмы
|
| 610 |
1 |
|
|a вооружение
|
| 610 |
1 |
|
|a архитектура
|
| 610 |
1 |
|
|a искусство
|
| 610 |
1 |
|
|a храмы
|
| 610 |
1 |
|
|a жилища
|
| 686 |
|
|
|a Т3(0)-7
|v LBC/SL-A
|2 rubbk
|
| 686 |
|
|
|a Т3(0)31
|v LBC/SL-A
|2 rubbk
|
| 700 |
|
1 |
|a Вейс
|b Г.
|g Герман
|
| 801 |
|
1 |
|a RU
|b 63413507
|c 20051128
|g PSBO
|
| 801 |
|
2 |
|a RU
|b 63413507
|c 20230323
|g PSBO
|
| 942 |
|
|
|c BK
|
| 959 |
|
|
|a 97/20051124
|d 1
|e 138
|f НФ:1
|